000 00704cam a2200241 4500
001 J113677
008 010718n2001 000 0 eng u
035 _a(Sirsi) u113677
050 _a333.337
110 _aDTZ Research
_93886
245 _aHobson's choice? Occupier requirements and the supply of newly-built ofice space in central London.
260 _aLondon
_bDTZ
_c2001
300 _a6p. ; 30cm.
520 _aAlso available on the DTZ website http://www.dtz.com
650 _aOFFICES
650 _aLONDON
650 _aOCCUPIER REQUIREMENTS
650 _aNEW BUILD
650 _aOFFICE SPACE
690 _aPROPERTY-COMMERCIAL PROPERTY
710 _uhttp:www.dtz.com
942 _n0
999 _c101542
_d101542